| 000 | 00801nam a22002417a 4500 | ||
|---|---|---|---|
| 999 |
_c18469 _d18469 |
||
| 003 | AR-CdUCM | ||
| 008 | 190514b ||||| |||| 00| 0 spa d | ||
| 040 |
_aMUNICIPALIDAD PROVINCIAL DEL CUSCO _cBIBLIOTECA MUNICIPAL DEL CUSCO |
||
| 041 | _hrus | ||
| 082 |
_a925 / _bY91 |
||
| 100 |
_aVagov, Alejandro _939075 |
||
| 245 |
_aPavlov : _bvida y descubrimientos del gran filosofo Ruso / |
||
| 260 |
_aBuenos Aires : _bClaridad, _c1945. |
||
| 300 |
_a239 páginas ; _c20 cm. |
||
| 440 |
_aBiblioteca Hombres e Ideas. _n19 _939076 |
||
| 505 | _aContenido: v.19: Vida y descubrimientos del gran filosofo Ruso. | ||
| 650 |
_aBiografía _922 |
||
| 650 |
_aFilosofía _9395 |
||
| 650 |
_aRusia _9499 |
||
| 700 |
_aBelaieff, Sergio (traducción) _939077 |
||
| 942 |
_2ddc _cLIBROS |
||
| 945 |
_aachl _d2019-05-14 |
||